Anales del Instituto de Investigaciones Estéticas (Record no. 4132)
[ view plain ]
| 000 -CABECERA | |
|---|---|
| campo de control de longitud fija | 01898nam a2200253 a 4500 |
| 001 - NÚMERO DE CONTROL | |
| campo de control | BRCA_4423 |
| 005 - FECHA Y HORA DE LA ÚLTIMA TRANSACCIÓN | |
| campo de control | 20190320204651.0 |
| 008 - DATOS DE LONGITUD FIJA--INFORMACIÓN GENERAL | |
| campo de control de longitud fija | 200810m19391986mx-a######---#000-0#spa-# |
| 041 ## - CÓDIGO DE LENGUA | |
| Código de lengua del texto/banda sonora o título independiente | spa |
| 044 ## - CÓDIGO DEL PAÍS DE LA ENTIDAD EDITORA/PRODUCTORA | |
| Código MARC del país | mx |
| 050 #4 - SIGNATURA TOPOGRÁFICA DE LA BIBLIOTECA DEL CONGRESO | |
| Número de clasificación | N8 |
| Número de documento/Ítem | .A53 7 |
| -- | 1939 |
| 245 10 - MENCIÓN DE TÍTULO | |
| Título | Anales del Instituto de Investigaciones Estéticas |
| Mención de responsabilidad, etc. | director Justino Fernández. |
| 260 ## - PUBLICACIÓN, DISTRIBUCIÓN, ETC. | |
| Lugar de publicación, distribución, etc. | México |
| Nombre del editor, distribuidor, etc. | UNAM, Instituto de Investigaciones Estéticas |
| Fecha de publicación, distribución, etc. | 1939-1986 |
| 300 ## - DESCRIPCIÓN FÍSICA | |
| Extensión | 39v. |
| Otras características físicas | il. |
| Dimensiones | 23 cm. |
| Material acompañante/anejo | índices del volumen 3, nos. 9, 10, 11 y 12, 1945 ; índices del volumen 1, nos. 1, 2, 3 y 4, 1939 |
| 500 ## - NOTA GENERAL | |
| Nota general | Incluye índice general, índice alfabético, notas bibliográficas e informaciones |
| 500 ## - NOTA GENERAL | |
| Nota general | Ver también AM31, CFG37, CFG58, CFG59, CFG60 y CFG61 |
| 500 ## - NOTA GENERAL | |
| Nota general | H30 |
| 505 0# - NOTA DE CONTENIDO CON FORMATO | |
| Nota de contenido con formato | Contenido: Año 3, No.3, Vol.2, 1939. -- Año 3, No.4, Vol.2, 1939. -- No.5, Vol.2, 1940. -- No.6, Vol.2, 1940. -- No.7, Vol.2, 1941. -- No.8, Vol.2, 1942. -- No.9, Vol.3, 1942. -- No.10, Vol.3, 1943. -- No.11, Vol.3, 1944 (2 ej.). -- No.12, Vol.3, 1945. -- No.13, Vol.4, 1945 (2 ej.). -- No.14, Vol.4, 1946. -- No.15, Vol.4, 1947. -- No.16, Vol.4, 1948. -- No.17, Vol.5, 1949. -- No.18, Vol.5, 1950. -- No.19, Vol.5, 1951. -- No.20, Vol.5, 1952. -- No.21, Vol.6, 1953. -- No.22, Vol.6, 1954. -- No.23, Vol.6, 1955. -- No.24, Vol.6, 1956. -- No.25, Vol.6, 1957. -- No.26, Vol.7, 1957. -- No.27, Vol.7, 1958, No.28, Vol.7, 1959. -- No.29, Vol.8, 1960. -- No.30, Vol.8, 1961. -- No.31, Vol.8, 1962. -- No.32, Vol.8, 1963. -- No.33, Vol.9, 1964. -- No.34, Vol.9, 1965. -- No.35, Vol.9, 1966. -- No.36, Vol.9, 1967. -- No.37, Vol.10, 1968. -- No.39, Vol.10, 1970. -- No.40, Vol.10, 1971. -- No.43, Vol.12, 1974. -- No.55, Vol.14, 1986 |
| 610 24 - PUNTO DE ACCESO ADICIONAL DE MATERIA--NOMBRE DE ENTIDAD CORPORATIVA | |
| Nombre de entidad corporativa o nombre de jurisdicción como elemento de entrada | UNAM |
| Unidad subordinada | Instituto de Investigaciones Estéticas (Ciudad de México) |
| 9 (RLIN) | 11232 |
| 650 14 - PUNTO DE ACCESO ADICIONAL DE MATERIA--TÉRMINO DE MATERIA | |
| Término de materia o nombre geográfico como elemento de entrada | Arte colonial |
| Subdivisión geográfica | México |
| 9 (RLIN) | 11233 |
| 700 1# - PUNTO DE ACCESO ADICIONAL--NOMBRE DE PERSONA | |
| Nombre de persona | Fernández, Justino |
| 9 (RLIN) | 906 |
| 902 ## - CATALOGADOR | |
| Iniciales | GFM |
| 942 ## - ELEMENTOS DE PUNTO DE ACCESO ADICIONAL (KOHA) | |
| Fuente del sistema de clasificación o colocación | Library of Congress Classification |
| Tipo de ítem Koha | Libros |
| Estado de retiro | Estado de pérdida | Estado dañado | No para préstamo | Localización permanente | Ubicación/localización actual | Fecha de adquisición | Número de inventario | Total de préstamos | Signatura topográfica completa | Código de barras | Fecha visto por última vez | Precio válido a partir de | Tipo de ítem Koha |
|---|---|---|---|---|---|---|---|---|---|---|---|---|---|
| El ejemplar forma parte de la colección y puede ser consultado según las políticas vigentes. | Biblioteca del Museo Franz Mayer (Rogerio Casas-Alatriste) | Biblioteca del Museo Franz Mayer (Rogerio Casas-Alatriste) | 20/08/2010 | H30 | N8 .A53 7 1939 (H30) | 4420 | 22/03/2019 | 22/03/2019 | Libros |